Toutes les récompenses par saison NBA - Statistiques

Statistiques générales
  • Ce quiz a été pris 1 703 fois
  • Le résultat moyen est 184 sur 433
Statistiques - réponses
Année Réponse % Correct
2004 | 2009 | 2010 | +5 others LeBron James
99%
1985 | 1988 | 1991 | +5 others Michael Jordan
97%
2011 | 2015 | 2016 Stephen Curry
96%
1994 Dell Curry
95%
2008 | 2009 | 2010 Kobe Bryant
92%
2008 | 2014 | 2017 | 2018 Kevin Durant
91%
1969 Jerry West
90%
2019 | 2020 Giánnis Antetokounmpo
88%
2017 | 2020 Giánnis Antetokoúnmpo
88%
2012 | 2018 James Harden
88%
1993 | 2000 | 2001 | 2002 Shaquille O'Neal
88%
2017 Russell Westbrook
87%
1980 | 1984 | 1985 | +2 others Larry Bird
86%
1998 | 1999 | 2002 | +3 others Tim Duncan
86%
2002 Jermaine O'Neal
84%
2007 Tony Parker
84%
1980 | 1982 | 1987 | +3 others Magic Johnson
83%
1960 | 1966 | 1967 | +2 others Wilt Chamberlain
83%
2014 | 2015 | 2016 | 2019 Kawhi Leonard
82%
2018 | 2019 Rudy Gobert
82%
1998 | 2006 Avery Johnson
79%
1979 Dennis Johnson
79%
2007 | 2011 | 2017 Dirk Nowitzki
79%
1989 Eddie Johnson
79%
1970 | 1971 | 1972 | +5 others Kareem Abdul-Jabbar
79%
1989 | 1991 Kevin Johnson
79%
1992 Larry Johnson
79%
1975 Phil Johnson
79%
1993 | 1994 | 1995 Hakeem Olajuwon
78%
1997 | 2001 Allen Iverson
77%
2009 | 2011 Derrick Rose
77%
1958 | 1961 | 1962 | +2 others Bill Russell
76%
2000 Jalen Rose
76%
2006 Dwyane Wade
75%
2005 | 2006 | 2007 Steve Nash
74%
1997 | 1999 Karl Malone
73%
2004 | 2006 | 2008 Kevin Garnett
73%
1979 | 1982 | 1983 Moses Malone
73%
1990 | 1992 | 1995 | +2 others David Robinson
69%
1993 Cliff Robinson
68%
2015 Andre Iguodala
67%
1987 | 1990 Isiah Thomas
66%
2008 Paul Pierce
64%
1987 | 1990 Ricky Pierce
64%
1993 Charles Barkley
63%
2017 Draymond Green
61%
2019 Luka Dončić
60%
1990 | 1991 Dennis Rodman
58%
1955 | 1956 | 1959 Bob Pettit
56%
2012 Kyrie Irving
56%
2015 | 2018 | 2019 Lou Williams
56%
2014 Michael Carter-Williams
56%
2002 | 2003 | 2005 | 2006 Ben Wallace
54%
1982 Buck Williams
54%
2009 | 2010 | 2011 Dwight Howard
53%
2020 Ja Morant
53%
1961 | 1964 Oscar Robertson
52%
1996 Phil Jackson
52%
2016 Steve Kerr
52%
1986 Alvin Robertson
51%
2003 Bobby Jackson
51%
1957 Bob Cousy
51%
2004 | 2008 | 2009 | 2013 Chauncey Billups
51%
1993 Chris Jackson
51%
2003 | 2012 | 2014 Gregg Popovich
51%
1967 Johnny Kerr
51%
1981 | 1983 Julius Erving
51%
1988 Mark Jackson
51%
2006 Chris Paul
49%
2008 Manu Ginóbili
48%
2013 Marc Gasol
48%
2002 | 2012 Pau Gasol
48%
2018 Ben Simmons
47%
1995 | 1997 | 1998 | +2 others Dikembe Mutombo
47%
2005 Bobby Simmons
46%
1978 Walter Davis
45%
1995 Grant Hill / Jason Kidd
44%
2003 Ray Allen
42%
2013 | 2019 Damian Lillard
41%
1977 | 1978 | 1986 Bill Walton
40%
2011 Blake Griffin
40%
1996 Gary Payton
40%
2014 | 2015 Joakim Noah
40%
2016 Karl-Anthony Towns
40%
1986 Patrick Ewing
40%
2012 | 2013 Jason Kidd
39%
1999 | 2016 | 2020 Vince Carter
39%
1988 James Worthy
38%
1989 | 1994 | 1996 Joe Dumars
38%
1974 John Havlicek
38%
2013 Paul George
35%
1973 | 1975 Bob McAdoo
33%
1978 | 2004 Hubie Brown
33%
2001 Larry Brown
33%
2009 Mike Brown
33%
1997 | 2004 P. J. Brown
33%
1965 | 1970 | 1973 Willis Reed
33%
2015 Andrew Wiggins
32%
1959 Elgin Baylor
32%
2010 | 2014 | 2016 | 2018 Jamal Crawford
32%
1969 | 1975 | 1978 Wes Unseld
32%
2001 Tracy McGrady
29%
2004 Reggie Miller
28%
1984 | 1985 Kevin McHale
27%
2017 | 2020 Malcolm Brogdon
27%
2001 | 2006 Mike Miller
27%
1990 | 2000 Doc Rivers
26%
2015 Jimmy Butler
26%
1976 Jo Jo White
26%
1983 Bobby Jones
25%
2013 J. R. Smith
25%
1971 Dave Cowens / Geoff Petrie
24%
2011 Kevin Love
24%
1966 | 1975 Rick Barry
24%
1998 | 2002 Steve Smith
24%
1999 | 2000 | 2002 Alonzo Mourning
23%
1973 Dave Cowens
23%
1990 | 1993 | 1997 Pat Riley
23%
2006 Boris Diaw
22%
2005 | 2008 | 2010 Grant Hill
22%
2002 Corliss Williamson
21%
2019 Pascal Siakam
20%
2007 Sam Mitchell
20%
2012 Tyson Chandler
20%
2005 Ben Gordon
19%
2017 Eric Gordon
19%
2020 Jrue Holiday
19%
2003 Amar'e Stoudemire
18%
1985 | 1989 Mark Eaton
18%
2004 | 2011 Ron Artest
18%
2018 Victor Oladipo
18%
2020 Brandon Ingram
17%
1994 Chris Webber
17%
1981 Cedric Maxwell
16%
2015 | 2019 Mike Budenholzer
16%
2014 | 2016 | 2019 Mike Conley
16%
2020 Montrezl Harrell
16%
1983 | 1984 Sidney Moncrief
16%
2013 George Karl
15%
2007 Marcus Camby
15%
2010 Tyreke Evans
15%
2016 C. J. McCollum
14%
2020 Nick Nurse
14%
1987 Michael Cooper
13%
1986 Michael Cooper / Rory Sparrow
13%
1965 Red Auerbach
13%
1996 Toni Kukoč
13%
2007 Brandon Roy
12%
1999 Brian Grant
12%
2000 Elton Brand / Steve Francis
12%
2009 Jason Terry
12%
2005 | 2017 Mike D'Antoni
12%
2011 Tom Thibodeau
12%
1988 Alex English
11%
1976 Alvan Adams
11%
1983 | 1985 | 1992 Don Nelson
11%
2003 Gilbert Arenas
11%
2008 Byron Scott
10%
1968 Earl Monroe
10%
2017 | 2018 Kemba Walker
10%
1989 Mitch Richmond
10%
2004 Zach Randolph
10%
2010 Aaron Brooks
9%
1977 Adrian Dantley
9%
1995 Del Harris
9%
2006 Elton Brand
9%
2011 Lamar Odom
9%
1994 Lenny Wilkens
9%
1984 Ralph Sampson
9%
1974 Ray Scott
9%
2012 Ryan Anderson
9%
1987 Dale Ellis
8%
1966 Dolph Schayes
8%
2018 Dwane Casey
8%
2005 Emeka Okafor
8%
2007 Monta Ellis
8%
2002 Rick Carlisle
8%
2010 Scott Brooks
8%
1993 Terry Porter
8%
1967 | 1977 Dave Bing
7%
1991 | 1992 Detlef Schrempf
7%
1964 Jerry Lucas
7%
2015 Kyle Korver
7%
1962 Walt Bellamy
7%
1978 Bob Lanier
6%
1996 Damon Stoudamire
6%
2009 Danny Granger
6%
1991 Derrick Coleman
6%
2014 Goran Dragić
6%
2008 Hedo Türkoğlu
6%
1997 John Starks
6%
2007 | 2014 Luol Deng
6%
1957 | 1973 Tom Heinsohn
6%
2000 Vlade Divac
6%
2004 Antawn Jamison
5%
1985 Dan Issel
5%
1999 Darrell Armstrong
5%
2007 Leandro Barbosa
5%
2001 Aaron McKie
4%
1998 Alan Henderson
4%
1995 Anthony Mason
4%
1972 Bill Sharman
4%
1987 Chuck Person
4%
1998 Danny Manning
4%
1981 Darrell Griffith
4%
1975 Jamaal Wilkes
4%
1978 Phil Ford
4%
1991 Scott Skiles
4%
2014 Shane Battier
4%
1983 Terry Cummings
4%
1964 Alex Hannum
3%
1980 Austin Carr
3%
1976 | 1980 Bill Fitch
3%
1979 Calvin Murphy
3%
1979 | 1989 Cotton Fitzsimmons
3%
1995 Dana Barros
3%
1953 Don Meineke
3%
1969 | 1982 Gene Shue
3%
1996 Gheorghe Mureșan
3%
1999 Hersey Hawkins
3%
1997 Isaac Austin
3%
1956 Maurice Stokes
3%
1999 Mike Dunleavy
3%
1992 Pervis Ellison
3%
1954 Ray Felix
3%
1970 Red Holzman
3%
1968 Richie Guerin
3%
2000 Rodney Rogers
3%
1972 Sidney Wicks
3%
1963 Terry Dischinger
3%
1958 Woody Sauldsberry
3%
1996 Chris Dudley
2%
1971 Dick Motta
2%
1991 Don Chaney
2%
1994 Don MacLean
2%
1988 Doug Moe
2%
2000 | 2005 Eric Snow
2%
1974 Ernie DiGregorio
2%
1984 Frank Layden
2%
1963 Harry Gallatin
2%
1981 Jack McKinney
2%
2018 J.J. Barea
2%
2013 Kenneth Faried
2%
1988 Kevin Duckworth
2%
1986 Mike Fratello
2%
1987 Mike Schuler
2%
1990 Rony Seikaly
2%
1988 Roy Tarpley
2%
2010 Samuel Dalembert
2%
1976 Slick Watts
2%
1997 Terrell Brandon
2%
1977 Tom Nissalke
2%
1995 Joe O'Toole
1%
1982 Kent Benson
1%
1981 Mike Glenn
1%
1989 Thurl Bailey
1%
2016 Wayne Ellington
1%
Aucun quiz correspondant
Distribution des résultats
% des personnes avec chaque résultat
Percentile par nombre de réponses
Votre historique - résultats
Vous n’avez pas pris ce quiz